MARC

LEADER 00000nam0a2200000 4500
001 139324
005 20231031141710.0
010 |a 5229008091 
020 |a RU  |b 91-36939 
035 |a (RuTPU)RU\TPU\book\150931 
090 |a 139324 
100 |a 20080605d1991 km y0rusy5003 ca 
101 0 |a rus 
102 |a RU 
105 |a y g 001zy 
200 1 |a Химические и физико-химические методы анализа ферросплавов  |e справочник  |f В. В. Степин [и др.] 
210 |a Москва  |c Металлургия  |d 1991 
215 |a 287 с. 
320 |a Библиогр.: с. 265-268. 
320 |a Предм. указ.: с. 284-287. 
610 1 |a ферросплавы 
610 1 |a ферросплавы 
610 1 |a химический анализ 
610 1 |a физический анализ 
610 1 |a марганец 
610 1 |a хром 
610 1 |a феррохром 
610 1 |a ферромолибден 
610 1 |a феррониобий 
610 1 |a ферротитан 
610 1 |a ферробор 
610 1 |a феррованадий 
610 1 |a справочники 
675 |a 669.168  |z rus 
701 1 |a Степин  |b В. В.  |g Василий Васильевич 
701 1 |a Курбатова  |b В. И. 
701 1 |a Сташкова  |b Н. В. 
701 1 |a Федорова  |b Н. Д. 
702 1 |a Степин  |b Василий Васильевич  |4 070 
801 0 |a RU  |b RuMRKP  |c 19950417  |g psbo 
801 1 |a RU  |b 63413507  |c 20080605  |g PSBO 
801 2 |a RU  |b 63413507  |c 20090414  |g PSBO 
942 |c BK